| 000 | 00757nam a2200253Ia 4500 | ||
|---|---|---|---|
| 003 | OSt | ||
| 005 | 20220924114119.0 | ||
| 006 | a|||||r|||| 00| 0 | ||
| 007 | ta | ||
| 008 | 220923b |||||||| |||| 00| 0 urd d | ||
| 020 | _c350 | ||
| 024 | _a285238 | ||
| 037 |
_b4311, 19/11/2014, Kitabi Duniya _cTextual |
||
| 040 |
_aARTS _cARTS _burd |
||
| 041 |
_2urd _aurd |
||
| 082 | _aO168,6N32x, Q0 | ||
| 100 |
_aYaseen Mohammad Au. _9171921 |
||
| 245 | 0 | _aNuqoosh-o-afkar aur nazariyat | |
| 260 |
_aAligharh _bEducational Book House India _c2010 |
||
| 300 |
_a424p. _ccm. |
||
| 650 |
_aURDU PROSE _926866 |
||
| 942 |
_hO168,6N32x, Q0 _cTEXL _2CC |
||
| 999 |
_c391968 _d391968 |
||